[Event "Chesscup Blitz 2020"]
[Site "Katowice"]
[Date "2020.09.12"]
[Round "4.8"]
[White "Klekowski, Maciej"]
[Black "Flak, Pawel"]
[Result "1/2-1/2"]
[WhiteElo "2511"]
[BlackElo "2157"]
[Annotator "TA"]
[PlyCount "135"]
[EventDate "2020.09.12"]
[EventType "swiss"]
[EventCountry "POL"]
[SourceTitle "playchess.com"]
[Source "ChessBase"]
[SourceQuality "1"]

{[%evp 13,135,9,10,3,12,-2,-9,-19,0,-12,0,0,0,0,0,0,-1,-1,0,-4,0,-4,0,-22,0,0,12,13,11,17,16,4,10,0,0,-6,-2,-6,-6,-12,-12,-12,-6,-5,0,-16,-6,-10,-12,-26,0,-13,-14,-16,0,-1,-7,-7,0,-71,-10,-12,-26,-26,0,0,19,8,8,8,8,0,0,0,0,0,0,0,0,0,0,0,0,0,0,0,0,0,0,-8,-8,-8,-8,-32,-15,-32,-8,-8,0,-32,0,-8,0,-32,-15,-32,0,-32,-8,-8,-8,-32,0,-8,-8,-8,0,-8,-8,-8,-8,-112,0,-8]} 1. c4 b6 2. Nc3 Bb7 3. d4 Nf6 4. f3 d5 5. cxd5 Nxd5 6. e4 Nxc3 7. bxc3 e6 8. Be3 {A50: Queen's Fianchetto Defence (1 d4 Nf6 2 c4 b6).} Be7 {[#]} 9. Qd2 $146 ({Predecessor:} 9. Bb5+ c6 10. Bd3 O-O 11. Ne2 c5 12. O-O Nc6 13. Rb1 cxd4 14. cxd4 Nb4 15. Bc4 Rc8 {1-0 (69) Khairullin,I (2658)-Vallejo Pons,F (2706) Khanty-Mansiysk 2013}) 9... O-O 10. Bc4 c5 11. Ne2 cxd4 12. cxd4 Nc6 {[#] Threatens to win with ...Bb4.} 13. O-O Na5 14. Bd3 Rc8 15. Rfc1 Qd7 16. Rxc8 Rxc8 17. Rc1 h6 18. Kf2 Ba3 19. Rxc8+ Qxc8 20. Qc3 Qxc3 21. Nxc3 Bb4 22. Nb1 Kf8 23. h4 Nc6 24. g4 Be7 25. h5 Nb4 26. Bc4 Nc2 27. Ke2 Nxe3 28. Kxe3 $11 {[%mdl 4096] Endgame KBB-KBN} a6 29. Nd2 Bb4 30. Nb3 Ke7 31. f4 b5 32. Be2 Bc6 33. Nc1 Ba3 34. Nd3 a5 35. Bf3 b4 36. d5 {[#]} (36. Bd1 $11) 36... Bb5 (36... exd5 $1 $17 {Hoping for ...Bb5.} 37. exd5 Bb5) 37. e5 exd5 38. Bxd5 Bxd3 39. Kxd3 {KB-KB} f6 40. Bb3 Bc1 41. Ke4 fxe5 42. Kxe5 Bb2+ 43. Kf5 Bc1 44. g5 Kf8 45. Ba4 Ke7 46. Bb3 Kf8 47. Kg4 Ke7 48. Kf5 Kf8 49. gxh6 gxh6 50. Ke5 Ke7 51. f5 Bb2+ 52. Kd5 Kf6 53. Ke4 Bc3 54. Bc2 Bd2 55. Kd5 Bc3 56. Ke4 Bd2 57. Kd3 Bc3 58. Ke3 Bb2 59. Ke4 Bc3 60. Kd5 Bd2 61. Kc5 Kg5 62. Kd6 Kf6 63. Kd7 Be3 64. Kc6 Bd2 65. Kb5 Kg5 66. Kc4 Bc3 67. Kd5 (67. a3 $11) 67... Kf6 (67... Kxh5 $17 68. Kc4 Bf6) 68. Kd6 {Accuracy: White = 90%, Black = 86%.} 1/2-1/2

[Event "Chesscup Blitz 2020"]
[Site "Katowice"]
[Date "2020.09.12"]
[Round "4.9"]
[White "Szczurek, Krzysztof"]
[Black "Nasuta, Grzegorz"]
[Result "1/2-1/2"]
[WhiteElo "2091"]
[BlackElo "2553"]
[Annotator "TA"]
[PlyCount "120"]
[EventDate "2020.09.12"]
[EventType "swiss"]
[EventCountry "POL"]
[SourceTitle "playchess.com"]
[Source "ChessBase"]
[SourceQuality "1"]

{[%evp 14,120,-31,-22,-10,-26,-21,-46,-18,-70,-64,-124,95,89,78,76,57,39,26,-47,-52,-59,-48,-54,-52,-60,-62,-43,-35,-31,-29,-46,-29,-198,-33,-133,-141,-144,0,-159,0,-6,0,-143,0,0,0,-11,-13,-268,-39,-79,-51,-89,-13,-11,0,0,155,122,119,119,119,67,127,31,31,31,18,39,47,0,0,0,0,0,0,0,23,4,18,0,0,0,0,0,0,0,0,0,0,0,0,0,0,0,0,0,0,0,0,0,0,0,0,0,0,0,0]} 1. e4 c5 2. c3 Nf6 3. e5 Nd5 4. d4 cxd4 5. Qxd4 e6 6. Nf3 Nc6 7. Qe4 f5 8. Qe2 b5 {B22: Sicilian: 2 c3.} 9. Qxb5 a5 {[#]} 10. Qa4 $146 ({Predecessor:} 10. Qe2 Ba6 11. c4 Qc7 12. g3 g6 13. Bg2 Bg7 14. Bf4 O-O 15. Na3 Rac8 16. O-O Nxf4 17. gxf4 {½-½ (38) Blandon Villa,D (2099)-Salazar,A (2195) Medellin 2011}) 10... Qc7 $1 {Black is slightly better.} 11. Na3 ({Better is} 11. Bb5 $11) 11... Nxe5 $15 12. Nd4 {[#]} (12. Qd4 $15 Nxf3+ {[%mdl 64] Discovered Attack} 13. gxf3) 12... Be7 $2 (12... Nxc3 $1 $17 {[%mdl 512] keeps the pressure on.} 13. Nab5 (13. bxc3 Qxc3+) 13... Nxb5 14. Nxb5 Qb8) 13. Nxe6 $1 $16 {[%mdl 64] Double Attack} Nf3+ {[%mdl 64] Discovered Attack} 14. gxf3 Qe5+ {[%mdl 64] Double Attack} 15. Be2 {Black must now prevent Nd4.} Qxe6 16. Qc2 (16. Kd1 $11) 16... Ba6 {Strongly threatening ...Bxa3.} 17. Kf1 Bxa3 18. bxa3 O-O $36 {[%mdl 2048] White is under pressure.} 19. Bxa6 $1 Qxa6+ 20. Qe2 Qc6 21. c4 Nb6 22. Rg1 Nxc4 23. Bh6 $2 ({Don't play} 23. Qe7 Rf7 $17) (23. Bf4 $11 {and White stays safe.}) 23... Rf7 $2 ({Weaker is} 23... Qxh6 24. Qxc4+ Kh8 25. Kg2 $15) (23... Rfe8 $19 24. Qd3 Ne5 25. Qb3+ d5 26. Rxg7+ Kh8) 24. Rc1 (24. Bf4 $15) 24... Qxh6 $17 25. Rxc4 Raf8 (25... Qxh2 $17 {aiming for ...Rb8.} 26. Rc1 Rb8) 26. Qd3 $2 ({White should play} 26. Kg2 $11) 26... Qe6 $2 (26... Qxh2 $17 {Hoping for ...Re8.} 27. Qc3 Re7) 27. Rc2 Re7 28. Rg3 (28. Kg2 $11) 28... d5 (28... f4 $17 29. Rg4 h5) 29. Kg2 $11 Rd7 30. Qd4 Qf6 31. Qc5 $2 {[%mdl 8192]} (31. Qxf6 $11 Rxf6 32. f4) 31... d4 $2 (31... f4 $19 32. Rh3 Qe5) 32. Rd2 Rfd8 33. f4 Qf7 (33... Qe6 $17 {next ...Qe4+ is good for Black.} 34. Qxa5 Qe4+ {[%mdl 64] Double Attack} 35. Kg1 Qxf4) 34. Qxa5 d3 35. Qb5 {[%cal Rd2d3]} Rd5 $2 ({Black should try} 35... Qd5+ $11 36. Qxd5+ Rxd5) 36. Rdxd3 Rxb5 37. Rxd8+ {[#]} Qf8 $1 {[%mdl 512]} 38. Rxf8+ Kxf8 $16 {[%mdl 4096] Endgame [#] KR-KR} 39. Rb3 (39. a4 $1 $16 {[%cal Ra4b5]} Ra5 40. Ra3) 39... Ra5 $1 $14 40. Kf3 Ra4 41. Kg3 Kf7 42. f3 Kf6 43. Rb6+ Kf7 44. Rb5 Kf6 45. Rb3 Kf7 46. Rd3 Kf6 {The position is equal.} 47. h4 h5 48. Rb3 Kf7 49. Kh3 Rxf4 50. Kg3 Ra4 51. f4 g6 52. Kf3 Rc4 53. Rb7+ Kf6 54. Rb6+ Ke7 55. Rxg6 Rc3+ 56. Kg2 Rxa3 57. Rg5 Rxa2+ 58. Kg3 Ra3+ 59. Kg2 Ra2+ 60. Kg3 Ra3+ {Accuracy: White = 61%, Black = 74%.} 1/2-1/2

[Event "Chesscup Blitz 2020"]
[Site "Katowice"]
[Date "2020.09.12"]
[Round "4.10"]
[White "Teclaf, Pawel"]
[Black "Jakubowska, Anna"]
[Result "1-0"]
[WhiteElo "2464"]
[BlackElo "2051"]
[Annotator "TA"]
[PlyCount "69"]
[EventDate "2020.09.12"]
[EventType "swiss"]
[EventCountry "POL"]
[SourceTitle "playchess.com"]
[Source "ChessBase"]
[SourceQuality "1"]

{[%evp 17,69,12,23,-57,0,-2,-1,-31,33,30,110,120,132,-63,174,45,114,101,124,107,165,144,178,174,249,245,246,235,239,161,156,144,180,100,103,111,108,75,175,175,134,0,0,-90,155,159,135,112,206,219,749,728,2562,2494]} 1. e4 c6 2. d4 d5 3. f3 e6 4. Nc3 Nf6 5. e5 Nfd7 6. f4 c5 7. Nf3 Nc6 8. Be3 Be7 9. Qd2 a6 10. h4 {10.a3 is setting a new trend. Played by Viswanathan Anand in July 2020. C11: French: Classical System: 4 e5 and 4 Bg5 dxe4.} (10. Bd3 $11) 10... b5 (10... Nxd4 $15 11. Nxd4 cxd4 12. Qxd4 Bxh4+ 13. Bf2 Bxf2+ 14. Qxf2 b5) 11. h5 b4 12. Ne2 {[#] The position is equal.} c4 $146 (12... O-O $15) ({Predecessor:} 12... O-O 13. g4 f6 14. Bg2 fxe5 15. dxe5 Nb6 {½-½ (14) Schlosser,M (2350)-Duer,A (2405) Austria 1997}) 13. g4 Bb7 (13... h6 $11 {keeps the balance.}) 14. f5 $16 Qc7 15. Nf4 $2 (15. fxe6 $16 fxe6 16. Nf4) 15... Nf8 $2 {[#]} (15... Ndxe5 $1 $15 {keeps the upper hand.} 16. dxe5 d4 17. fxe6 O-O-O) 16. g5 (16. h6 $1 $18 {[%cal Rh6g7]} g6 17. f6) 16... c3 (16... exf5 $14 17. Nxd5 Qd8 18. Nxe7 (18. Bxc4 $2 Na5 $19) 18... Nxe7) 17. bxc3 bxc3 18. Qf2 O-O-O (18... exf5 $16 19. Rb1 (19. Nxd5 Qd8 $14) 19... Rd8) 19. fxe6 fxe6 20. Bh3 Kb8 (20... Qd7 {might work better.} 21. O-O Kb8) 21. Bxe6 $18 ({Not} 21. Nxe6 Nxe6 22. Bxe6 Rhf8 $14) 21... Na5 22. Rb1 {Black must now prevent Bxd5.} Ka8 23. Bf5 Nc4 24. O-O Qc6 25. Bd3 ({White should play} 25. Bc1 $18) 25... Ne6 $16 26. Nxe6 Qxe6 27. Bf4 Qg4+ (27... g6 $16) 28. Qg3 $18 Qxh5 29. Qg2 ({Better is} 29. e6 $16 Nb2 30. Ne5) 29... Rhf8 $11 30. Nh2 {[#]} (30. Qg3 $11) 30... Rxf4 $2 (30... Qh4 $1 $17 {stays on course.} 31. Qf2 Bxg5 32. Qxh4 Bxh4) 31. Rxf4 $16 {And now Bxc4 would win.} Bxg5 32. Rf5 $36 {[%mdl 2048] White has strong initiative.} Be3+ (32... h6 $16 {was called for.}) 33. Kh1 $18 Qh4 $2 (33... Qg6 34. Qxg6 hxg6) 34. Bxc4 Qe1+ 35. Rxe1 {Accuracy: White = 42%, Black = 25%.} 1-0

[Event "Chesscup Blitz 2020"]
[Site "Katowice"]
[Date "2020.09.12"]
[Round "5.1"]
[White "Teclaf, Pawel"]
[Black "Miton, Kamil"]
[Result "1/2-1/2"]
[WhiteElo "2464"]
[BlackElo "2590"]
[Annotator "TA"]
[PlyCount "85"]
[EventDate "2020.09.12"]
[EventType "swiss"]
[EventCountry "POL"]
[SourceTitle "playchess.com"]
[Source "ChessBase"]
[SourceQuality "1"]

{[%evp 11,85,0,0,0,3,0,8,7,26,0,0,0,12,13,15,0,21,0,0,0,6,0,0,0,0,0,0,0,-9,-17,41,20,18,10,18,11,90,24,114,103,124,123,190,115,122,104,163,0,0,0,62,49,107,0,0,-12,0,-66,-35,-39,72,0,0,0,0,-17,-23,-23,-24,-16,0,0,0,-22,0,0]} 1. e4 c5 2. Nf3 Nc6 3. d4 cxd4 4. Nxd4 e5 5. Nb5 d6 6. g3 Be7 7. Bg2 {B32: Sicilian: Löwenthal and Kalashnikov Variations.} a6 8. N5c3 Nf6 9. O-O h6 10. Nd2 {[%cal Bb1d2,Bd2f1,Bf1e3,Be3f5][%mdl 32]} Bg4 {[#]} 11. Bf3 $146 ({Predecessor:} 11. Nf3 O-O 12. Qd3 Rc8 13. h3 Be6 14. Rd1 Qc7 15. Nh4 Rfd8 16. Nf5 Bxf5 17. exf5 {½-½ (41) Bok,B (2575)-Khairullin,I (2657) Yerevan 2014}) 11... Be6 12. Re1 O-O 13. Nf1 Rc8 14. Ne3 Nd4 15. Bg2 b5 16. Ncd5 Nxd5 17. exd5 Bd7 18. c3 Nf5 19. Nxf5 $1 Bxf5 20. a4 Qb6 (20... Ra8 $11) 21. Be3 Qb7 22. axb5 Qxb5 23. Qd2 $36 {[%mdl 2048] White is pushing.} Ra8 (23... Rb8 $11 {remains equal.}) 24. b4 (24. Bf1 $1 $16 {[%cal Rf1b5]} Qb7 25. f4) 24... Rfc8 (24... Bd3 $1 $11 {keeps the balance.}) 25. Bf1 $16 Qb7 26. Ra3 Bd7 (26... Be4 $16 {was necessary.}) 27. c4 ({White should try} 27. Qa2 $18) 27... Rcb8 28. Rb1 a5 {[#]} (28... Bf5 $16 29. Rbb3 Qc7) 29. c5 $2 (29. b5 $1 $18) 29... dxc5 $11 30. d6 Bd8 (30... Bf5 $11 31. Bg2 Be4 32. dxe7 Bxg2 33. Bxc5 Bh1) 31. b5 $1 $14 {[%mdl 1024] White has compensation.} Bb6 (31... Bf5 $14 32. Rc1 Rc8) 32. Qc3 (32. Bxh6 $16 {Threatening mate with Qg5!} Bd8 33. Be3) 32... Re8 $11 33. Ra4 ({But not} 33. Bxc5 $2 Rac8 $19) 33... Rac8 34. Bg2 (34. Rd1 $11) 34... e4 35. Qc2 {[%cal Ra4e4]} Qd5 {[#]} (35... c4 $15) 36. Bxe4 (36. Rd1 $1 $16 {[%cal Rd1d5]} Qh5 37. Rxe4 (37. Bxe4 c4 $15)) 36... Qxd6 37. Rd1 Qe7 38. Bd5 Be6 ({Reject} 38... Bxb5 $6 39. Rf4 $18) 39. Re4 {White wants to play Bxe6.} Qf6 40. Rf4 Qe7 {The position is equal.} 41. Re4 {Threatens to win with Bxe6.} Qf6 42. Rf4 Qe7 43. Re4 {Accuracy: White = 83%, Black = 62%.} 1/2-1/2

[Event "Chesscup Blitz 2020"]
[Site "Katowice"]
[Date "2020.09.12"]
[Round "5.2"]
[White "Wnek, Filip"]
[Black "Piorun, Kacper"]
[Result "0-1"]
[WhiteElo "1981"]
[BlackElo "2596"]
[Annotator "TA"]
[PlyCount "72"]
[EventDate "2020.09.12"]
[EventType "swiss"]
[EventCountry "POL"]
[SourceTitle "playchess.com"]
[Source "ChessBase"]
[SourceQuality "1"]

{[%evp 10,72,59,25,25,21,27,27,49,32,39,49,47,25,39,35,51,0,50,50,66,14,20,9,23,0,0,-17,0,-19,-11,-18,3,-17,0,-5,-4,-12,6,9,27,0,0,-52,-79,-98,-44,-339,-347,-677,-502,-1001,-1001,-1822,-1462,-1667,-1708,-1994,-2003,-1763,-1193,-4010,-3507,-2934,-3084]} 1. e4 e5 2. Nf3 Nc6 3. d4 exd4 4. Nxd4 Bb4+ 5. c3 Be7 6. Be3 Nf6 {C45: Scotch Game.} 7. Nd2 O-O 8. Be2 d5 {White has an edge.} 9. Nxc6 bxc6 10. e5 Nd7 11. Nf3 {[#]} Bb7 $146 ({Predecessor:} 11... f6 12. Qa4 c5 13. Rd1 Nb6 14. Qa5 Bg4 15. Bxc5 Bxc5 16. Qxc5 fxe5 17. O-O Re8 {½-½ (17) Giesen,D (2212)-Hecht,H (2428) Schwarzach 2001}) 12. O-O c5 13. Qd2 (13. Bd3 $14) 13... Re8 14. Rad1 Nf8 15. Bf4 (15. Ne1 $14) 15... Ne6 $11 16. Bg3 a5 {[%cal Ba7a5,Ba5a4][%mdl 32]} 17. Rfe1 Bc6 18. b3 Qc8 19. Bd3 a4 20. b4 a3 21. bxc5 Bxc5 22. Bc2 Rb8 23. Bb3 d4 24. Nxd4 Rd8 25. Bxe6 fxe6 26. Qg5 ({Better is} 26. Nxc6 $11 Rxd2 27. Rxd2) 26... Bd5 $15 27. Bh4 {[#]} Rf8 (27... Rd7 $1 $17 28. Qg4 Qe8) 28. Re3 $2 {[%mdl 8192] White does not recover from this.} ({White should try} 28. c4 $1 $15 Bxc4 29. Nc6) 28... Bxa2 $19 29. Nc6 $2 (29. Qg4 Rb2 30. h3) 29... Rb1 {Black is clearly winning.} 30. Rxb1 (30. Ree1 $142 Qd7 31. Nd4 Bxd4 32. cxd4 Rxd1 33. Rxd1) 30... Bxb1 31. Rg3 Bg6 {Strongly threatening ...a2.} 32. Qc1 Qa6 33. Ne7+ Bxe7 34. Bxe7 a2 35. Qa1 Rb8 {( -> ...Rb1+)} 36. Bb4 {[#]} c5 $1 {[%mdl 512] Accuracy: White = 49%, Black = 89%.} 0-1

[Event "Chesscup Blitz 2020"]
[Site "Katowice"]
[Date "2020.09.12"]
[Round "5.3"]
[White "Janik, Igor"]
[Black "Sadzikowski, Daniel"]
[Result "1-0"]
[WhiteElo "2470"]
[BlackElo "2413"]
[Annotator "TA"]
[PlyCount "103"]
[EventDate "2020.09.12"]
[EventType "swiss"]
[EventCountry "POL"]
[SourceTitle "playchess.com"]
[Source "ChessBase"]
[SourceQuality "1"]

{[%evp 9,103,-4,2,-34,81,72,91,78,86,62,52,37,108,108,113,104,137,131,164,127,130,115,118,124,151,143,141,149,157,163,175,170,202,210,209,128,131,132,136,130,190,103,115,116,114,106,88,106,145,134,139,121,142,144,152,151,148,145,148,136,136,135,148,148,146,144,174,163,177,173,176,147,189,183,520,516,541,545,533,526,704,709,729,580,584,268,716,697,29985,29985,29985,29986,29986,29987,29988,29989]} 1. c4 e5 2. Nc3 Nc6 3. Nf3 Nf6 4. g3 Bb4 5. Nd5 Bc5 6. b4 {[#] A29: English Opening: Four Knights Variation with 4 g3.} (6. Bg2 {with more complications.} d6 7. O-O O-O 8. e3 Bb6 9. d3) 6... Bd4 $146 (6... Nxb4 $15 {keeps the upper hand.} 7. Nxb4 e4) ({Predecessor:} 6... Nxb4 7. Nxb4 Bxb4 8. Nxe5 O-O 9. Bg2 Re8 10. Nf3 d5 11. cxd5 Qxd5 12. O-O Qd6 13. d4 Nd5 {0-1 (59) Wanyama,H (2293)-Adly,A (2636) Casablanca 2019}) 7. Rb1 {Hoping for e3.} Nxd5 8. cxd5 {White is better.} Ne7 9. e3 Bb6 10. Nxe5 O-O (10... d6 $1 $14 11. Qa4+ c6) 11. Bg2 $36 {[%mdl 2048] White has strong initiative.} d6 12. Nc4 Bf5 13. d3 Qd7 14. O-O Bh3 15. e4 Bxg2 16. Kxg2 Bd4 17. Bb2 Bxb2 18. Rxb2 f5 19. f4 c6 20. dxc6 Nxc6 21. Ne3 Nd4 22. Nxf5 Nxf5 23. exf5 Qxf5 24. Qf3 Rac8 (24... b6 $16 {was necessary.} 25. Rc1 Rae8) 25. Qe4 (25. Qxb7 $18 Qxd3 26. Qxa7) 25... Qxe4+ 26. dxe4 {[%mdl 4096] Endgame KRR-KRR} Rc4 27. Re1 Re8 28. Kf3 Rd4 29. Re3 Re7 30. a3 Rc7 31. Rbb3 Kf7 32. Rbd3 Rxd3 33. Rxd3 {KR-KR} Ke7 34. Ke3 Rc1 35. Kd4 Rh1 36. h4 Rg1 37. e5 dxe5+ 38. Kxe5 Re1+ 39. Kf5 Rc1 40. h5 Rc4 41. g4 a5 $2 (41... Rc6 {is tougher.} 42. Re3+ Kd7) 42. Re3+ $18 Kf7 43. bxa5 Ra4 {[#]} 44. Re5 $1 Rxa3 45. Rb5 Kf8 46. h6 gxh6 47. Kf6 (47. Ke6 $142 Ra4 48. f5 (48. Rxb7 Rxa5 49. Rxh7 Kg8 $18) 48... Re4+ 49. Kd6 Rd4+ 50. Kc7 Rxg4 51. Kxb7) 47... Ra4 $2 {[#]} (47... Rc3 48. Rxb7 Rc6+ 49. Kf5 Rc5+ 50. Kf6 Rc6+ 51. Kf5 Rc5+ 52. Ke6 Rxa5 53. Rxh7 Ra6+ 54. Ke5 Rg6) 48. f5 Rxg4 49. Rxb7 {[%cal Rb7b8] White mates.} Ke8 50. a6 {[%cal Ba5a6,Ba6a7][%mdl 32]} Ra4 51. a7 Ra6+ 52. Kg7 {Accuracy: White = 78%, Black = 54%.} 1-0

[Event "Chesscup Blitz 2020"]
[Site "Katowice"]
[Date "2020.09.12"]
[Round "5.4"]
[White "Krasenkow, Michal"]
[Black "Faron, Rafal"]
[Result "1-0"]
[WhiteElo "2605"]
[BlackElo "2224"]
[Annotator "TA"]
[PlyCount "89"]
[EventDate "2020.09.12"]
[EventType "swiss"]
[EventCountry "POL"]
[SourceTitle "playchess.com"]
[Source "ChessBase"]
[SourceQuality "1"]

{[%evp 21,89,27,39,45,61,50,71,41,39,-23,70,-33,-26,-66,-44,-132,-127,-133,-137,-133,33,26,27,47,112,82,181,170,173,129,370,78,401,391,390,382,491,491,527,523,661,655,755,739,700,516,519,303,316,306,274,82,439,452,422,235,235,235,29983,29984,29985,29986,29985,29985,29985,29986,29986,29987,29984,4690]} 1. Nf3 d5 2. d4 Nf6 3. c4 dxc4 4. Qa4+ Nbd7 5. Nc3 c6 6. Qxc4 Nb6 7. Qb3 Bf5 8. g3 e6 9. Bg2 Be7 10. O-O O-O 11. Re1 Ne4 12. a4 {D23: Queen's Gambit Accepted: 3 Nf3 Nf6 sidelines.} Nxc3 13. bxc3 Qd5 14. Qb2 {[#] Threatens to win with a5.White is better.} Be4 $1 15. Bf4 {[#]} (15. Bf1 $14) 15... Bf6 $146 (15... c5 $11) ({Predecessor:} 15... g5 16. Bc7 Nc4 17. Qxb7 Rfe8 18. Red1 Qd7 19. Ne5 Nxe5 20. dxe5 Bd5 21. c4 Rac8 22. cxd5 exd5 23. Qxa7 Rxc7 {0-1 (51) Perrusset,B (1876)-Le Bail,C (2012) La Roche sur Yon 2008}) 16. Bf1 (16. a5 $14 Nc4 {[%mdl 64] Double Attack} 17. Qxb7) 16... c5 $15 17. Bg2 Rac8 18. a5 (18. Qb5 $15) 18... Nc4 $17 19. Qa2 cxd4 20. cxd4 Bxf3 $2 ({Black should play} 20... g5 $17 21. Be5 Be7) 21. Bxf3 $14 Qxd4 22. Bxb7 Rcd8 ({Black should try} 22... Rc5 $14 23. Red1 Qc3) 23. a6 Nb6 (23... e5 $16 {was worth a try.} 24. Rac1 exf4 25. Rxc4 Qe5) 24. Be3 $18 Qd6 25. Rab1 Nd5 $2 (25... Bd4 $16) 26. Rbd1 $2 (26. Bxa7 $18 {Strongly threatening Qc4.} Nc3 27. Qc4 Nxb1 28. Rxb1) 26... Qb8 $2 {[%mdl 8192]} (26... Qb4 $16) 27. Bxd5 exd5 28. Rxd5 Rxd5 29. Qxd5 Rd8 30. Qb7 Qd6 31. Bxa7 h5 32. Be3 Rb8 33. Qa7 h4 34. Bf4 Be5 35. Bxe5 Qxe5 {[%mdl 4096] Endgame KQR-KQR} 36. Qe3 $2 (36. Rc1 $18 {and White stays clearly on top.}) 36... Qd5 $2 {[%mdl 8192]} (36... Qa5 $16 37. Rc1 Qxa6) 37. a7 Ra8 38. Rb1 (38. Qb6 $142) 38... h3 {[%csl Gh3][%cal Rd5g2]} 39. f3 {Rb8+ is the strong threat.} g6 $2 (39... Qa5 $18 40. Rb8+ Kh7) 40. Rb8+ {White mates.} Kg7 41. Qc3+ f6 42. Qc7+ Kh6 43. Qf4+ {[%mdl 64] [#] Double Attack} Kg7 44. Rxa8 Qxa8 45. Qb8 {Accuracy: White = 42%, Black = 39%.} (45. Qc7+ $142 Kf8 46. Qb8+ Qxb8 47. axb8=Q+ Ke7 48. Qc7+ Ke6 49. e4 f5 50. Qc6+ Ke5 51. Kf2) 1-0

[Event "Chesscup Blitz 2020"]
[Site "Katowice"]
[Date "2020.09.12"]
[Round "5.5"]
[White "Flak, Pawel"]
[Black "Jakubowski, Krzysztof"]
[Result "0-1"]
[WhiteElo "2157"]
[BlackElo "2481"]
[Annotator "TA"]
[PlyCount "67"]
[EventDate "2020.09.12"]
[EventType "swiss"]
[EventCountry "POL"]
[SourceTitle "playchess.com"]
[Source "ChessBase"]
[SourceQuality "1"]

{[%evp 17,67,16,25,-1,20,0,-2,-3,7,-31,-23,-42,-10,-20,18,7,52,0,3,-75,-34,-74,-2,-58,-28,-42,-24,-44,-25,-24,0,-4,-9,-64,-33,-97,-26,-34,-43,-56,-51,-85,-83,-114,-114,-329,-207,-211,-81,-170,-170,-759]} 1. d4 Nf6 2. c4 e6 3. Nf3 d5 4. g3 Bb4+ 5. Bd2 Be7 6. Bg2 O-O 7. O-O c6 8. Qc2 Nbd7 9. Bf4 Ne4 10. Nfd2 {E08: Closed Catalan: Main Line: 7 Qc2.} g5 11. Be3 Nd6 12. f3 {The position is equal.} f5 {[#]} 13. c5 $146 ({Predecessor:} 13. Bf2 f4 14. e4 fxe3 15. Bxe3 Nf5 16. Bf2 Bf6 17. Nb3 Nb6 18. c5 Nc4 19. N1d2 {0-1 (35) Erigaisi,A (2531)-Sivuk,V (2546) Astana 2019}) 13... Nf7 14. f4 Nf6 15. Nf3 h6 16. Ne5 Kh7 17. Nxf7 Rxf7 18. Bc1 (18. fxg5 $11 Ng4 19. g6+ Kxg6 20. Bd2) 18... Qg8 19. Kh1 Nh5 (19... g4 $17) 20. Bf3 (20. e3 $11) 20... Qg6 (20... g4 $5 21. Bg2 $8 Qe8 $11) 21. e3 Bd7 22. Nc3 Rg8 23. Bd2 gxf4 24. exf4 Rfg7 {Strongly threatening ...Nxg3+!} 25. Be1 (25. Rg1 $11) 25... Nf6 (25... Nxf4 $5 26. Bd2 Nh3 $15) 26. Qe2 (26. Rf2 $15) 26... Ne4 (26... h5 $1 $17) 27. Bh5 Qf6 28. Rd1 Be8 29. Bf3 Qg6 30. Rg1 h5 31. Nxe4 $2 (31. Qe3 $17 {was worth a try.}) 31... fxe4 32. Bg2 {[#]} Qh6 (32... Qf5 $1 $19 33. Qe3 {[#]} h4 $1 {[%mdl 512]}) 33. Bh3 (33. h4 $17 {was necessary.}) 33... h4 $19 {...hxg3 is the strong threat.} 34. Qg2 $2 {Accuracy: White = 44%, Black = 52%.} (34. g4 Qxf4 35. Bd2 Qf3+ 36. Qxf3 exf3 37. Rge1) 0-1

[Event "Chesscup Blitz 2020"]
[Site "Katowice"]
[Date "2020.09.12"]
[Round "5.6"]
[White "Golubka, Petro"]
[Black "Szczurek, Krzysztof"]
[Result "1/2-1/2"]
[WhiteElo "2488"]
[BlackElo "2091"]
[Annotator "TA"]
[PlyCount "101"]
[EventDate "2020.09.12"]
[EventType "swiss"]
[EventCountry "POL"]
[SourceTitle "playchess.com"]
[Source "ChessBase"]
[SourceQuality "1"]

{[%evp 9,101,6,18,12,16,14,15,-12,23,15,1,-25,0,-6,1,0,13,3,0,0,15,0,0,-19,-15,-37,-21,-55,-54,-37,23,16,15,17,12,14,19,10,0,0,0,-51,-6,-6,0,0,0,0,0,0,0,-6,0,0,16,16,16,16,16,16,16,16,16,16,16,16,16,16,16,16,16,0,0,0,0,0,0,0,0,0,0,0,0,0,0,0,0,0,0,0,0,0,0,0]} 1. d4 Nf6 2. Bg5 Ne4 3. Bf4 d5 4. Nd2 Nxd2 5. Qxd2 e6 6. Nf3 {A45: Trompowsky Attack.} Bd6 7. Bxd6 {[#]} cxd6 $146 ({Predecessor:} 7... Qxd6 8. e3 O-O 9. c4 c6 10. Bd3 Nd7 11. O-O b6 12. Rac1 Bb7 13. Rfd1 f5 14. b4 a5 15. c5 Qe7 16. Rb1 axb4 17. Rxb4 {0-1 (58) Bogut,Z (2386)-Nemeth,M (2488) Mali Losinj 2019}) 8. h4 Nc6 9. h5 h6 10. c3 Bd7 11. e3 Qf6 12. Bd3 O-O-O 13. e4 dxe4 14. Bxe4 d5 15. Bd3 e5 16. Bb5 {White wants to play Bxc6.} e4 17. Ng1 Kb8 18. Bxc6 Bxc6 19. Ne2 Rde8 (19... g5 $15) 20. Qf4+ $11 Qxf4 21. Nxf4 Kc7 22. Kd2 Kd6 23. Ke3 b5 24. a3 a5 {[%cal Ba7a5,Ba5a4][%mdl 32]} 25. b4 (25. Rhg1 $11) 25... a4 26. Rh3 {The position is equal.} Rc8 {White must now prevent ...Bd7.} 27. Rg3 Rhg8 28. Kd2 Bd7 29. Rh1 Rce8 30. Ne2 Ref8 31. Rh4 f5 32. Rg6+ Rf6 33. Rxf6+ gxf6 {[%mdl 4096] Endgame KRB-KRN} 34. Nf4 Be8 35. Rh3 Rg4 36. Ke3 Rg5 37. Rh2 Bf7 38. g3 Rg8 39. Rh4 Rg5 40. Nh3 Rxh5 41. Nf4 Rxh4 42. gxh4 {KB-KN} h5 43. Ne2 Ke6 44. Kf4 Be8 45. Ng3 Bg6 46. Nf1 Bf7 47. Ne3 Bg6 48. Kg3 Be8 49. Ng2 Kd6 50. Nf4 Bf7 51. Kg2 {Accuracy: White = 90%, Black = 92%.} 1/2-1/2